Κατάλογος Βιβλιοθηκών Mediterranean College

ΜΑΘΗΣΗ ΚΑΙ ΚΟΙΝΩΝΙΑ / Η ΕΚΠΑΙΔΕΥΣΗ ΣΤΙΣ ΘΕΩΡΙΕΣ ΤΗΣ ΓΝΩΣΤΙΚΗΣ ΑΝΑΠΤΥΞΗΣ (Record no. 6672)

MARC details
000 -LEADER
fixed length control field 00805cam a22002054a 4500
005 - ΗΜΕΡΟΜΗΝΙΑ ΚΑΙ ΩΡΑ ΤΕΛΕΥΤΑΙΑΣ ΕΝΗΜΕΡΩΣΗΣ
Πεδίο ελέγχου 20250605164248.0
008 - FIXED-LENGTH DATA ELEMENTS--GENERAL INFORMATION
Πεδίο ελέγχου σταθερού μήκους 250528s ||||||||||||||||||||||||d
035 ## - SYSTEM CONTROL NUMBER
System control number 21611
020 ## - ISBN
ISBN 9789602100141
040 ## - ΠΗΓΗ ΚΑΤΑΛΟΓΟΓΡΑΦΗΣΗΣ
Φορέας πρωτότυπης καταλογογράφησης MC Athens Campus Library
Γλώσσα καταλογογράφησης Ελληνικά, Μοντέρνα (1453-)
Modifying agency MC Athens Campus Library
Κανόνες περιγραφικής καταλογογράφησης AACR2
245 1# - ΤΙΤΛΟΣ ΚΑΙ ΔΗΛΩΣΗ ΥΠΕΥΘΥΝΟΤΗΤΑΣ
Τίτλος ΜΑΘΗΣΗ ΚΑΙ ΚΟΙΝΩΝΙΑ / Η ΕΚΠΑΙΔΕΥΣΗ ΣΤΙΣ ΘΕΩΡΙΕΣ ΤΗΣ ΓΝΩΣΤΙΚΗΣ ΑΝΑΠΤΥΞΗΣ
250 ## - EDITION STATEMENT
Edition statement 3
260 ## - PUBLICATION, DISTRIBUTION, ETC.
Name of publisher, distributor, etc. Οδυσσέας,
Date of publication, distribution, etc. 2005
300 ## - PHYSICAL DESCRIPTION
Extent 319
520 ## - SUMMARY, ETC.
Summary, etc. ΜΟΝΤΕΛΑ ΔΙΔΑΣΚΑΛΙΑΣ ΓΝΩΣΤΙΚΗ ΑΝΑΠΤΥΞΗ ΚΟΙΝΩΝΙΚΗ ΨΥΧΟΓΕΝΕΣΗ VYGOTSKI WALLON BRUNER ΨΥΧΟΠΑΙΔΑΓΩΓΙΚΗ ΠΡΟΣΕΓΓΙΣΗ PIAGET CHOMSKY
700 1# - ΠΡΟΣΘΕΤΗ ΑΝΑΓΡΑΦΗ--ΦΥΣΙΚΟ ΠΡΟΣΩΠΟ
Personal name Παπαμιχαηλ Γιαννης
9 (RLIN) 7569
942 ## - ADDED ENTRY ELEMENTS (KOHA)
Koha item type Books
Holdings
Τύπος τεκμηρίου Βιβλιοθήκη Τρέχουσα τοποθεσία Barcode Αριθμός εισαγωγής Ημερομηνία απόκτησης Ταξιθετικό σύμβολο Αριθμός αντιτύπου Κατάσταση απόσυρσης Κατάσταση χαμένου Κατάσταση κατεστραμμένου Μη δανεισμός Σύνολο δανεισμών Ημερομηνία τελευταίας εμφάνισης Η τιμή ισχύει από
Books MC Thessaloniki Campus Library MC Thessaloniki Campus Library 9780000066718 1635 05/06/2025 153.15 ΠΑΠ 1           05/06/2025 05/06/2025

MC Athens Campus Library
Πατησίων 94 & Κοδριγκτώνος 13, 104 34
Πελλήνης 8 & Πατησίων 107, 112 51
Τ: +30 210 8899600

MC Thessaloniki Campus Library
Ίωνος Δραγούμη 21, 54625 | Ίωνος Δραγούμη 15, 54625
Τ: +30 2310 287779 – Τ: +30 2314 440300